00849nas a2200253Ia 4500001001100000003000900011008004100020040001300061040001300074041001200087100004400099210001100143222001100154245009400165250001100259260002800270501008600298300001000384362002400394500009000418650003900508700001900547700002900566R702/49200IT-RoPAU151124c99999999xx |||||||||||| ||und|| aIT-RoPAU cIT-RoPAU aINGLESE aRector MonicagCodice Aut. SPICS: 10279 aDEGRES aDegres aDEGRES, N.038 (ESTATE 1984)bToward A Semiotics Of Education In Foreign Language Teaching a1a ed. aBRUXELLESbDEGRESc1984 bPaulus - SPICS - Società San Paolo EM (non-commercial uses only)cCopyright2015 a12 p. aN.038 (ESTATE 1984) aSemiotica dell'Educazione Nell'Insegnamento Delle Lingue Estere. Semanticae Sintassi. aSEMIOTICAvPUBBLICAZIONE PERIODICA aPerry David G. gCodice Aut. SPICS: 19018